000 00960nam a2200265 a 4500
001 000035179
003 DO-SdBNP
005 20251030090425.0
008 111025s1975 ve 000 0 spa d
040 _aDO-SdBNP
_bspa
_cBNPHU
082 4 _a330.987
_bM239f, 1975
_222
100 1 _aMalave Mata, Héctor
_921281
245 1 0 _aFormación histórica del antidesarrollo de Venezuela /
_cHéctor Malave Mata ; D. F. Maza Zavala.
250 _a3a. ed.
260 _aCaracas :
_bEdiciones Rocinante,
_c1975.
300 _axx, 263 p. ;
_c20 cm.
504 _aBibliografía : p.257-263
586 _aPremio de Ensayos Casa de las Américas 1974
590 _aPerteneció a la biblioteca personal de Juan Isidro Jimenes Grullón
651 0 _aVenezuela
_xCondiciones económicas
_926230
651 4 _aVenezuela
_xCondiciones sociales
_926233
700 1 _aMaza Zavala, D. F.,
_epról.
_951957
910 _aValidado. Control de calidad MFF
942 _2ddc
_cLBS1
999 _c34670
_d34670